000 02138cam a22005534i 4500
003 PE-LiUPU
005 20250731180145.0
008 150706s r 000 0 d
020 _a9788492812370
035 _a(Sirsi) i9788492812370
040 _aPE-LiUPU
_bspa
_cPE-LiUPU
_erda
049 _aPRUA
082 0 4 _a515.84
_bU42
_221
100 1 _aUña Juaárez, Isaías,
_eautor.
245 1 0 _aCálculo en varias variables /
_cIsaías Uña Juaárez, Jesús San Martín Moreno y Venacio Tomeo Perucha.
264 1 _aMadrid :
_bGarceta,
_c2011.
300 _a392 páginas :
_bilustraciones ;
_c26 cm.
336 _atext
_2rdacontent
337 _aunmediated
_2rdamedia
338 _avolume
_2rdacarrier
490 0 _a388 ejercicios desarrollados
505 0 _aFunciones de varias variables -- Derivación y diferenciación en varias variables Funciones implícitas. Función inversa -- Fórmula de Taylor -- Extremos en varias variables -- Integrales de línea -- Integración doble -- Integración triple -- Integrales de superficie -- Teoremas integrales del cálculo vectorial -- Soluciones a los Problemas propuestos.
526 _aSEG44
526 _aSEG26
526 _aP159
526 _aP155
526 _aP154
526 _aP153
526 _aP150
526 _aP100
526 _aP31
526 _aP30
526 _aP26
526 _aP25
526 _aP24
526 _aP22
526 _aP15
526 _aP10
541 _g015-0012821;
650 0 4 _aCálculo
_vProblemas.
700 1 _aSan Martín Moreno, Jesús
700 1 _aTomeo Perucha, Venancio .
910 _bjv9
_cng
_d20110602
942 _2ddc
_cBOOK
949 _a515.84 U42
_wDEWEY
_c1
_i63069
_lCCODEBUL1
_mBUL
_p51.00
_r0
_sY
_tBOOK
_u2015-7-6
_xINGENIERIA
_zUNKNOWN
_o.STAFF. Colección General
994 _aC0
_bPEPRU
596 _a1
999 _a515.84 U42
_wDEWEY
_c52084
_i63069
_d52084
_e2018-9-11
_f2021-11-9
_g7
_lCCODEBUL1
_mBUL
_n7
_p51.00
_q3
_r0
_sY
_tBOOK
_u2015-7-6
_xINGENIERIA
_zUNKNOWN
_0COMPRA
_o.STAFF. Colección General
980 _81
_gALBERTO SANCHEZ Responsable de Automatización